Fotoquiz Vogels A-Z - Statistieken

Algemene statistieken
  • Deze quiz is 227 keer genomen
  • De gemiddelde score is 15 van 24
Antwoordstatistieken
Foto Hint Antwoord % Correct
O Ooievaar
95%
R Reiger
95%
E Ekster
92%
U: orde Uilen
91%
F Fazant
90%
I Ijsvogel
85%
K Koolmees
84%
B Buizerd
79%
M Meerkoet
74%
C: exoot Canadese gans
70%
A Aalscholver
68%
Z Zilvermeeuw
67%
S Slechtvalk
56%
J Jan-van-gent
54%
P Patrijs
49%
N Nachtegaal
47%
W Winterkoninkje
45%
H Hop
42%
G Goudvink
36%
T Tjiftjaf
35%
L Leeuwerik
32%
Q: uitheems Quetzal
28%
V Visdief
27%
D Dodaars
24%
Geen overeenkomende quizzen gevonden
Scoreverdeling
Procent van Mensen met Elke Score
Percentiel versus Aantal Correcte Antwoorden
Uw Scoregeschiedenis
U heeft deze quiz nog niet genomen